000 00234nam a2200097Ia 4500
001 684545
005 20250826161459.0
008 250824s9999 xx 000 0 und d
245 0 _aKoca Sinan
_cHalit Refiğ
260 _bDergah Yayınları
999 _c684545
_d684545